000 00450nam a2200181Ia 4500
001 20619
005 20260306172819.0
008 260306t1998||||xx |||||||||||||| ||spa||
041 _aESP
082 _a343.52
_bO74 V. 3
100 _aOrtiz Caballero, René
_eAUT
245 0 _aUniversidad y modernización en el Perú del siglo xx
260 _c1998
300 _apágs. :
_ccm.
650 _aGEN
654 _aCDE
942 _cLIB
_dJUS
_fJUS
_2ddc
_n
999 _c20619
_d20619